000
00245nam a2200097Ia 4500
001
947013
005
20250826215453.0
008
250824s9999 xx 000 0 und d
245
0
_a
AYET AYET İNSAN
_c
YAVUZ BAHADIROĞLU
260
_b
PANAMA YAYINLARI
999
_c
947013
_d
947013